| 000 | 00447 a2200169 4500 | ||
|---|---|---|---|
| 020 | _a0735614954 | ||
| 040 |
_aDLC _bDLC |
||
| 082 | 0 | 0 | _a004/.03 |
| 245 | 0 | 0 |
_aMicrosoft computer dictionary _cMicrosoft Press |
| 246 | 3 | 0 | _aComputer dictionary |
| 250 | _a5th ed. | ||
| 260 |
_aRedmond, Wash. : _bMicrosoft Press, _cc2002. |
||
| 300 |
_aix, 636 p. : _bill. ; _c24 cm. |
||
| 650 | 0 | _aComputers | |
| 650 | 0 | _aMicrocomputers | |
| 942 |
_cBK _k004.03 MIC _2ddc |
||
| 999 |
_c4789 _d4789 |
||